Abbreviatory principles

Názory na princípy skracovania v anglickej slovotvorbe a poukázanie na rôzne jedinečné dôvody pre túto tendenciu. Funkčné, afektívne a psychologické dôvody v súvislosti s vývojom anglického jazyka: stručnosť, jasnosť, lenivosť a potreba prispôsobiť jazyk rytmu moderného života. Skracovanie v interný...

Descripción completa

Guardado en:
Detalles Bibliográficos
Autor principal: Kapráliková, Ivana, 1974-
Formato: Capítulo de libro
Lenguaje:inglés
Materias:
Etiquetas: Agregar Etiqueta
Sin Etiquetas, Sea el primero en etiquetar este registro!

MARC

LEADER 00000nla a2200000 4500
001 0205232
005 20240502073424.5
041 0 |a eng 
044 |a SK 
245 1 0 |a Abbreviatory principles  |c Ivana Kapráliková 
520 |a Názory na princípy skracovania v anglickej slovotvorbe a poukázanie na rôzne jedinečné dôvody pre túto tendenciu. Funkčné, afektívne a psychologické dôvody v súvislosti s vývojom anglického jazyka: stručnosť, jasnosť, lenivosť a potreba prispôsobiť jazyk rytmu moderného života. Skracovanie v interných dokumentoch EÚ. 
610 2 0 |a jazyky cudzie 
610 2 0 |a angličtina 
610 2 0 |a dokumenty 
610 2 0 |a Európska únia 
100 1 |a Kapráliková, Ivana, 1974-